000
00238nam a22001097a 4500
041
_a
ENG
245
_a
Energyplay Urjapatra
260
_a
Gujarat
_b
Energy DevelopmentAgency
_c
2000
300
_a
158
650
_a
EOES (12)
856
_u
EOES
999
_c
2700
_d
2700